Statistics for States on a Line of the U.S. Map

Click here to take the quiz!

General Stats

  • This quiz has been taken 98 times
  • The average score is 11 of 12

Answers on the Map

Answers color-coded by a green-red scale on the quiz's map according to % correct below.
 

Answer Stats

State% Correct
California
100%
Nevada
99%
Utah
99%
Colorado
98%
Illinois
94%
Virginia
94%
Indiana
93%
Kansas
93%
Kentucky
93%
Ohio
93%
West Virginia
93%
Missouri
91%

Score Distribution

Percentile by Number Answered

Percent of People with Each Score

Your Score History

You have not taken this quiz